[Event "19th EUR-ch"]
[Site "Batumi GEO"]
[Date "2018.03.26"]
[Round "9.29"]
[White "Chigaev, Maksim"]
[Black "Grandelius, Nils"]
[Result "0-1"]
[WhiteElo "2560"]
[BlackElo "2646"]
[EventDate "2018.03.17"]
[PlyCount "143"]

1.e4 c5 2.Nf3 e6 3.d3 Nc6 4.g3 d6 5.Bg2 Be7 6.O-O Nf6 7.Ng5 h6 8.Nh3 e5 9.
f4 Bg4 10.Qd2 Nd4 11.Nc3 Qd7 12.Nf2 Bf3 13.Nfd1 Bxg2 14.Qxg2 h5 15.h3 
O-O-O 16.fxe5 dxe5 17.Ne3 Qe6 18.Ned5 Nd7 19.Nxe7+ Qxe7 20.Nd5 Qe6 21.Be3 
Kb8 22.c3 Nb5 23.a3 Rc8 24.c4 Nd4 25.b4 f6 26.Kh2 Qd6 27.Qb2 h4 28.g4 Ka8 
29.Kh1 Rc6 30.Rfb1 Rb8 31.a4 cxb4 32.a5 b3 33.Bxd4 exd4 34.Qxd4 Qg3 35.Qe3
Qxe3 36.Nxe3 Nc5 37.d4 Nxe4 38.Rxb3 Rd8 39.d5 Rc5 40.a6 b6 41.Kg2 Nd6 42.
Rd3 Kb8 43.Rd4 Kc7 44.Nf5 Nxc4 45.d6+ Kc6 46.Re1 Ne5 47.Re2 b5 48.Nxg7 
Rxd6 49.Rf4 Nd3 50.Rf1 Rc4 51.Kh2 Rf4 52.Rb1 Rf2+ 53.Rxf2 Nxf2 54.Nf5 Rd3 
55.Rf1 Ne4 56.Nxh4 b4 57.Rf4 Rd2+ 58.Kg1 b3 59.Rxe4 b2 60.Rb4 Rd1+ 61.Kg2 
b1=Q 62.Rxb1 Rxb1 63.Nf5 Kb6 64.h4 Kxa6 65.Kf3 Rb8 66.g5 fxg5 67.hxg5 Kb5 
68.g6 a5 69.Ke4 a4 70.Nd4+ Kc4 71.Nc2 Kb3 72.Kd4 0-1

[Event "19th EUR-ch"]
[Site "Batumi GEO"]
[Date "2018.03.26"]
[Round "9.30"]
[White "Esipenko, Andrey"]
[Black "Volokytin, Andriy"]
[Result "1/2-1/2"]
[WhiteElo "2581"]
[BlackElo "2639"]
[EventDate "2018.03.17"]
[PlyCount "170"]

1.d4 Nf6 2.c4 g6 3.g3 c6 4.Bg2 d5 5.Qa4 Nfd7 6.cxd5 Nb6 7.Qd1 cxd5 8.Nc3 
Bg7 9.e3 Nc6 10.Nge2 Bg4 11.f3 Bd7 12.O-O O-O 13.b3 Re8 14.Ba3 e5 15.dxe5 
Nxe5 16.Bc5 Bf5 17.Qd2 Rc8 18.Bd4 Nec4 19.bxc4 Nxc4 20.Qc1 Nxe3 21.Qd2 
Bxd4 22.Nxd4 Nxf1 23.Bxf1 Qa5 24.Rc1 Be6 25.Qb2 Re7 26.Nce2 Rxc1 27.Nxc1 
Qe1 28.Nd3 Qe3+ 29.Kg2 Rc7 30.Nf4 Qc3 31.Qf2 Qc5 32.h4 Bd7 33.Qe3 Qd6 34.
Bd3 h5 35.Bc2 Rc5 36.Qa3 b6 37.Bd3 Qe5 38.Qb2 Ra5 39.Kf2 Qd6 40.Bb1 Ra4 
41.Bc2 Rb4 42.Bb3 Qc5 43.Ke3 Bb5 44.Nd3 Bxd3 45.Kxd3 Qc4+ 46.Ke3 Qc5 47.
Kd3 Qc4+ 48.Bxc4 Rxb2 49.Bxd5 Kg7 50.f4 Rb1 51.Ke2 a5 52.Bc4 Rg1 53.Kf2 
Rc1 54.Bb5 a4 55.Ne2 Rc2 56.Bxa4 Rxa2 57.Bb3 Rb2 58.Bd5 Rd2 59.Bc4 Rb2 60.
Ke3 b5 61.Bd5 Rb1 62.Be4 Ra1 63.Nd4 b4 64.Bd5 Rd1 65.Bb3 Rc1 66.Ne2 Rb1 
67.Bc2 Rf1 68.Nd4 Rg1 69.Kf3 Rf1+ 70.Ke3 Rg1 71.Ne2 Ra1 72.Bb3 Rb1 73.Nd4 
Rg1 74.Kf2 Rc1 75.Bc2 f6 76.Ke3 Kh6 77.Kd2 Rg1 78.Ne2 Rh1 79.Be4 Ra1 80.
Bd5 Ra3 81.Bf7 Kg7 82.Bc4 Kh6 83.Bf7 Kg7 84.Bc4 Kh6 85.Bf7 Kg7 1/2-1/2

[Event "19th EUR-ch"]
[Site "Batumi GEO"]
[Date "2018.03.26"]
[Round "9.31"]
[White "Fridman, Daniel"]
[Black "Skoberne, Jure"]
[Result "1-0"]
[WhiteElo "2637"]
[BlackElo "2563"]
[EventDate "2018.03.17"]
[PlyCount "65"]

1.d4 Nf6 2.Nf3 g6 3.c4 Bg7 4.Nc3 O-O 5.e4 d6 6.Be2 e5 7.O-O Bg4 8.d5 Nh5 
9.Bg5 Bf6 10.Bxf6 Qxf6 11.g3 Bh3 12.Re1 a5 13.Qd2 Na6 14.Qe3 Nc5 15.b3 Qg7
16.Nd2 Nf6 17.a3 Bd7 18.b4 Na6 19.Reb1 Ng4 20.Bxg4 Bxg4 21.f3 Bc8 22.c5 f5
23.c6 f4 24.Qf2 fxg3 25.hxg3 g5 26.Qe3 b6 27.g4 h5 28.gxh5 Rf4 29.Kf2 Bh3 
30.Rh1 Rh4 31.Kg3 Bc8 32.Rxh4 gxh4+ 33.Kxh4 1-0

[Event "19th EUR-ch"]
[Site "Batumi GEO"]
[Date "2018.03.26"]
[Round "9.32"]
[White "Kelires, Andreas"]
[Black "Erdos, Viktor"]
[Result "0-1"]
[WhiteElo "2523"]
[BlackElo "2627"]
[EventDate "2018.03.17"]
[PlyCount "78"]

1.d4 Nf6 2.Nf3 d5 3.c4 c6 4.Nc3 dxc4 5.a4 Bf5 6.Nh4 Bc8 7.e3 Bg4 8.Qc2 Na6
9.Bxc4 Nb4 10.Qb3 e6 11.h3 Bh5 12.g4 Nfd5 13.gxh5 Qxh4 14.a5 Bd6 15.Bd2 
O-O 16.Be2 b6 17.a6 Nxc3 18.bxc3 Qe4 19.O-O Nd5 20.f3 Qh4 21.Rf2 Qxh5 22.
c4 Nf6 23.f4 Qh4 24.Qd3 Rad8 25.Bc3 c5 26.d5 b5 27.cxb5 exd5 28.Rg2 g6 29.
Bf3 Rfe8 30.Rf1 d4 31.exd4 Bxf4 32.d5 Re3 33.Bxf6 Qxf6 34.Qc4 Be5 35.Bg4 
Qd6 36.Re2 Rg3+ 37.Rg2 Bd4+ 38.Kh1 f5 39.Bxf5 gxf5 0-1

[Event "19th EUR-ch"]
[Site "Batumi GEO"]
[Date "2018.03.26"]
[Round "9.33"]
[White "Lupulescu, Constantin"]
[Black "Fedorov, Alexei"]
[Result "1-0"]
[WhiteElo "2627"]
[BlackElo "2559"]
[EventDate "2018.03.17"]
[PlyCount "105"]

1.d4 Nf6 2.c4 g6 3.Nc3 Bg7 4.e4 d6 5.h3 O-O 6.Be3 c5 7.Nf3 cxd4 8.Nxd4 b6 
9.Bd3 Bb7 10.O-O Nbd7 11.Rc1 Rc8 12.b3 Nc5 13.f3 a6 14.Re1 Nxd3 15.Qxd3 h6
16.Nde2 Nd7 17.Bd4 Nc5 18.Qd2 Bxd4+ 19.Nxd4 e6 20.Red1 Qh4 21.Nde2 f5 22.
Qxd6 fxe4 23.fxe4 Bxe4 24.Nxe4 Qxe4 25.Qg3 g5 26.Nc3 Qf4 27.Qxf4 Rxf4 28.
Rd6 g4 29.hxg4 Rxg4 30.Rxb6 Nd3 31.Rc2 Nf4 32.Rd6 Rf8 33.Nd1 Nh3+ 34.Kh2 
Ng5 35.Nf2 Rh4+ 36.Kg1 a5 37.c5 Rhf4 38.c6 Rc8 39.c7 Kg7 40.Rd8 Rf8 41.
Rxc8 Rxc8 42.Ng4 Ne4 43.Ne5 Nf6 44.Rc6 Nd5 45.Nc4 Rxc7 46.Rxc7+ Nxc7 47.
Nxa5 Kf6 48.Nc4 Kf5 49.Nd6+ Ke5 50.Nf7+ Kd4 51.Nxh6 e5 52.Nf5+ Kc3 53.g4 
1-0

[Event "19th EUR-ch"]
[Site "Batumi GEO"]
[Date "2018.03.26"]
[Round "9.34"]
[White "Romanov, Evgeny"]
[Black "Moiseenko, Vadim"]
[Result "1-0"]
[WhiteElo "2619"]
[BlackElo "2552"]
[EventDate "2018.03.17"]
[PlyCount "91"]

1.c4 e6 2.g3 d5 3.Bg2 Nf6 4.d4 dxc4 5.Qa4+ Bd7 6.Qxc4 Bc6 7.Nf3 Be7 8.Nc3 
a6 9.O-O b5 10.Qb3 O-O 11.Bg5 Nbd7 12.Rfd1 h6 13.Bxf6 Nxf6 14.Rac1 Qe8 15.
a3 Rc8 16.Qc2 a5 17.d5 exd5 18.Ne5 Ba8 19.Nxd5 Bxd5 20.Bxd5 c5 21.a4 Rc7 
22.Ba2 c4 23.axb5 Qxb5 24.Nxc4 Qh5 25.Kg2 Re8 26.f3 Bb4 27.e4 Rce7 28.Nd2 
Kh8 29.Bc4 Nh7 30.Qd3 f5 31.Qd5 Rf8 32.exf5 Nf6 33.Qd3 Nd7 34.g4 Qh4 35.
Ne4 Rfe8 36.Be6 Ne5 37.Qe2 Ng6 38.Qe3 Rxe6 39.fxe6 Rxe6 40.Rc8+ Kh7 41.Rd5
Qe7 42.Rh5 Re5 43.Rxe5 Qxe5 44.Qb3 Ne7 45.Rd8 h5 46.h4 1-0

[Event "19th EUR-ch"]
[Site "Batumi GEO"]
[Date "2018.03.26"]
[Round "9.35"]
[White "Boruchovsky, Avital"]
[Black "Yilmaz, Mustafa"]
[Result "1/2-1/2"]
[WhiteElo "2542"]
[BlackElo "2619"]
[EventDate "2018.03.17"]
[PlyCount "81"]

1.e4 c5 2.Nf3 d6 3.Bb5+ Nd7 4.Ba4 Nf6 5.O-O a6 6.c4 g6 7.Nc3 Bg7 8.h3 O-O 
9.d3 b6 10.Rb1 Bb7 11.Be3 e6 12.b4 Qc7 13.Qd2 d5 14.bxc5 bxc5 15.cxd5 exd5
16.Bf4 Qc8 17.Rfc1 Ra7 18.Bd6 dxe4 19.dxe4 Nxe4 20.Nxe4 Bxe4 21.Bxf8 Nxf8 
22.Rb3 c4 23.Qe2 Rc7 24.Qxe4 cxb3 25.Rxc7 Qxc7 26.Bxb3 Bf6 27.Ne1 Qe5 28.
Qxe5 Bxe5 29.Nc2 Nd7 30.Nb4 a5 31.Nc6 Bc7 32.Kf1 Kf8 33.Ke2 Ne5 34.Nxe5 
Bxe5 35.g4 Ke7 36.Kf3 Bd4 37.Kg3 h6 38.Kf3 Bc5 39.Kg3 Bd4 40.Kf3 Bc5 41.
Ke4 1/2-1/2

[Event "19th EUR-ch"]
[Site "Batumi GEO"]
[Date "2018.03.26"]
[Round "9.36"]
[White "Alekseenko, Kirill"]
[Black "Savchenko, Boris"]
[Result "0-1"]
[WhiteElo "2609"]
[BlackElo "2550"]
[EventDate "2018.03.17"]
[PlyCount "80"]

1.e4 e6 2.d4 d5 3.Nc3 Bb4 4.e5 c5 5.a3 Bxc3+ 6.bxc3 Qa5 7.Bd2 Qa4 8.c4 Ne7
9.dxc5 dxc4 10.Qg4 Qxc2 11.Rc1 Qf5 12.Qxg7 Rg8 13.Qf6 Qe4+ 14.Be2 Nd7 15.
Qf3 Qxe5 16.Rxc4 Nc6 17.Qd3 Qg7 18.f4 Qxg2 19.Bf3 Qxh1 20.Bxh1 Rxg1+ 21.
Kf2 Rxh1 22.Qg3 Nf6 23.Bc3 Rxh2+ 24.Kf1 Rh6 25.f5 exf5 26.Qg7 Be6 27.Rb4 
Rg6 28.Qh8+ Ng8 29.Rb2 O-O-O 30.Rd2 Re8 31.Qxh7 Nf6 32.Bxf6 Rxf6 33.Kf2 
Rg6 34.Rd6 Reg8 35.a4 Ne5 36.a5 f4 37.a6 Rg2+ 38.Ke1 Nf3+ 39.Kd1 Bb3+ 40.
Kc1 Rc2+ 0-1

[Event "19th EUR-ch"]
[Site "Batumi GEO"]
[Date "2018.03.26"]
[Round "9.37"]
[White "Diermair, Andreas"]
[Black "Bartel, Mateusz"]
[Result "1/2-1/2"]
[WhiteElo "2507"]
[BlackElo "2609"]
[EventDate "2018.03.17"]
[PlyCount "40"]

1.d4 d5 2.c4 c6 3.Nf3 Nf6 4.g3 dxc4 5.Bg2 g6 6.O-O Bg7 7.a4 Ne4 8.Qc2 Nd6 
9.e4 Na6 10.Na3 Nb4 11.Qe2 Bg4 12.Rd1 a5 13.h3 Bxf3 14.Bxf3 O-O 15.Nxc4 
Nxc4 16.Qxc4 e6 17.Be3 Qe7 18.Rd2 Rfd8 19.Rad1 Rd7 20.b3 h5 1/2-1/2

[Event "19th EUR-ch"]
[Site "Batumi GEO"]
[Date "2018.03.26"]
[Round "9.38"]
[White "Abasov, Nijat"]
[Black "Kantor, Gergely"]
[Result "1-0"]
[WhiteElo "2608"]
[BlackElo "2527"]
[EventDate "2018.03.17"]
[PlyCount "61"]

1.Nf3 d5 2.c4 e6 3.g3 Nf6 4.Bg2 Be7 5.O-O O-O 6.d4 dxc4 7.Qc2 c6 8.Qxc4 b5
9.Qc2 Bb7 10.Rd1 Nbd7 11.a4 bxa4 12.Ne5 Nxe5 13.dxe5 Nd5 14.Nd2 Qc7 15.Nc4
Rfd8 16.Bd2 c5 17.Be4 Nb4 18.Bxb4 cxb4 19.Bxb7 Qxb7 20.Qxa4 Bc5 21.Qa5 Rd5
22.Nd6 Qc6 23.Rac1 Qb6 24.Rxd5 Bxf2+ 25.Kg2 exd5 26.Qxd5 Rf8 27.Nxf7 h6 
28.Ng5+ Kh8 29.Rc6 Qd4 30.Qf7 Qd8 31.Rxh6+ 1-0

[Event "19th EUR-ch"]
[Site "Batumi GEO"]
[Date "2018.03.26"]
[Round "9.39"]
[White "Sanikidze, Tornike"]
[Black "Andersen, Mads"]
[Result "1-0"]
[WhiteElo "2501"]
[BlackElo "2605"]
[EventDate "2018.03.17"]
[PlyCount "101"]

1.d4 Nf6 2.c4 g6 3.Nc3 Bg7 4.e4 d6 5.Be2 O-O 6.Bg5 c5 7.d5 e6 8.Qd2 exd5 
9.cxd5 Re8 10.f3 a6 11.a4 h5 12.Qf4 Nbd7 13.Nh3 Qa5 14.O-O Nh7 15.Bh6 Bd4+
16.Kh1 Qb4 17.Qd2 Ne5 18.f4 Ng4 19.f5 gxf5 20.exf5 Nxh6 21.Qxh6 Bg7 22.
Qxh5 Nf6 23.Qf3 Qxb2 24.g4 Nxg4 25.Qxg4 Qxc3 26.Ng5 Qf6 27.Bd3 Re3 28.Bc2 
Bd7 29.Qh5 Rae8 30.Qh7+ Kf8 31.Ne6+ fxe6 32.fxe6 Rf3 33.Kg2 Bxe6 34.dxe6 
Qg5+ 35.Kxf3 Rxe6 36.Be4 d5 37.Ke2+ Ke7 38.Rg1 Rxe4+ 39.Qxe4+ dxe4 40.Rxg5
Bxa1 41.Rxc5 Kd6 42.Rc4 b5 43.Rxe4 Kd5 44.Kd3 Be5 45.h4 Ke6 46.h5 Kf6 47.
h6 Ba1 48.Re1 Bb2 49.Rg1 Kf7 50.h7 Bg7 51.a5 1-0

[Event "19th EUR-ch"]
[Site "Batumi GEO"]
[Date "2018.03.26"]
[Round "9.40"]
[White "Bindrich, Falko"]
[Black "Arutinian, David"]
[Result "1/2-1/2"]
[WhiteElo "2602"]
[BlackElo "2536"]
[EventDate "2018.03.17"]
[PlyCount "81"]

1.e4 c5 2.Nf3 Nc6 3.d4 cxd4 4.Nxd4 g6 5.c4 Bg7 6.Be3 Nf6 7.Nc3 d6 8.Be2 
O-O 9.O-O Bd7 10.Nb3 a5 11.Nd2 Ne5 12.h3 Bc6 13.Rc1 Ned7 14.b3 e6 15.f4 
Qe7 16.Bf3 Nc5 17.Qe2 Nfd7 18.Rfe1 h6 19.a3 b6 20.Nb5 g5 21.b4 axb4 22.
axb4 Na6 23.Rb1 gxf4 24.Bxf4 Ne5 25.Be3 Rab8 26.Nd4 Ba8 27.Bh5 Nc7 28.Rf1 
Ne8 29.Bf2 Nf6 30.Rb3 Ng6 31.Bf3 Nd7 32.g3 Bb7 33.Bh5 Nf6 34.Bf3 Nd7 35.
Rd1 Ra8 36.Nf1 Nge5 37.Nb5 Nxf3+ 38.Rxf3 Ne5 39.Rb3 d5 40.exd5 exd5 41.
cxd5 1/2-1/2

[Event "19th EUR-ch"]
[Site "Batumi GEO"]
[Date "2018.03.26"]
[Round "9.41"]
[White "Kovchan, Alexander"]
[Black "Ferreira, Jorge Viterbo"]
[Result "0-1"]
[WhiteElo "2596"]
[BlackElo "2492"]
[EventDate "2018.03.17"]
[PlyCount "110"]

1.c4 e6 2.Nf3 d5 3.g3 dxc4 4.Qa4+ Nd7 5.Qxc4 a6 6.Bg2 b5 7.Qc2 Bb7 8.a4 c5
9.axb5 axb5 10.Rxa8 Bxa8 11.Na3 b4 12.Nc4 Ngf6 13.O-O Be7 14.b3 O-O 15.Bb2
Qc7 16.Ra1 Bd5 17.Nfe5 Nxe5 18.Nxe5 Rc8 19.Rc1 Nd7 20.Nc4 Nb6 21.Ne3 Bxg2 
22.Kxg2 Qb7+ 23.Kg1 Bg5 24.f4 Be7 25.Nc4 Rd8 26.d3 Nd5 27.Qd1 Bf6 28.Bxf6 
gxf6 29.Qf1 Nc3 30.Ra1 Qd5 31.Ra5 Qh5 32.e3 Ne2+ 33.Kg2 Rxd3 34.Ra2 Qd5+ 
35.Kh3 Nc3 36.Ra1 Kg7 37.Kh4 Kh6 38.g4 Ne4 39.Nb6 Qxb3 40.g5+ Kg7 41.gxf6+
Kxf6 42.Qg2 Rxe3 43.Nd7+ Ke7 44.Ne5 c4 45.Ra7+ Kd6 46.Rxf7 Qc3 47.Kg4 b3 
48.Qg1 b2 49.Rb7 Nf6+ 50.Kg5 Nd5 51.Nf7+ Kc5 52.Ne5 Qc2 53.Kh6 Qf5 54.Rc7+
Kb5 55.Nxc4 Qxf4+ 0-1

[Event "19th EUR-ch"]
[Site "Batumi GEO"]
[Date "2018.03.26"]
[Round "9.42"]
[White "Lobanov, Sergei"]
[Black "Smirin, Ilia"]
[Result "0-1"]
[WhiteElo "2468"]
[BlackElo "2594"]
[EventDate "2018.03.17"]
[PlyCount "84"]

1.e4 e5 2.Nf3 Nc6 3.Bc4 Bc5 4.d3 Nf6 5.Nc3 h6 6.h3 a6 7.Be3 Bxe3 8.fxe3 d6
9.a3 Be6 10.Bxe6 fxe6 11.d4 O-O 12.Qe2 Nh5 13.Qc4 exd4 14.exd4 Nf4 15.
O-O-O d5 16.Qf1 Qf6 17.Rg1 Rad8 18.e5 Qf5 19.g4 Ne2+ 20.Nxe2 Qxf3 21.Qxf3 
Rxf3 22.Rg3 Rf2 23.Re3 Rdf8 24.Rg1 Na5 25.b3 b6 26.Kd1 c5 27.Rc3 Nc6 28.b4
Nxd4 29.Nxd4 cxd4 30.Rc6 R8f3 31.Kc1 Rc3 32.Rxc3 dxc3 33.Kb1 Kf7 34.Rg3 d4
35.Rd3 Rd2 36.Rf3+ Ke7 37.a4 b5 38.a5 g5 39.Rf1 Re2 40.Rd1 Re4 41.Ka2 Kd7 
42.Rf1 Rf4 0-1

[Event "19th EUR-ch"]
[Site "Batumi GEO"]
[Date "2018.03.26"]
[Round "9.43"]
[White "Brkic, Ante"]
[Black "Djukic, Nikola"]
[Result "0-1"]
[WhiteElo "2590"]
[BlackElo "2523"]
[EventDate "2018.03.17"]
[PlyCount "58"]

1.e4 c5 2.Nf3 d6 3.d4 cxd4 4.Nxd4 Nf6 5.Nc3 g6 6.Be3 Bg7 7.f3 O-O 8.Qd2 
Nc6 9.Bc4 Bd7 10.O-O-O Rb8 11.Bb3 Na5 12.h4 b5 13.Kb1 Nc4 14.Bxc4 bxc4 15.
g4 Qb6 16.b3 cxb3 17.cxb3 Qb7 18.h5 Qb4 19.h6 Rfc8 20.Nde2 Bh8 21.g5 Be6 
22.gxf6 Bxb3 23.axb3 Qxb3+ 24.Ka1 Bxf6 25.Bd4 Rxc3 26.Rb1 Qa4+ 27.Qa2 
Rxb1+ 28.Rxb1 Bxd4 29.Nxd4 Qxd4 0-1

[Event "19th EUR-ch"]
[Site "Batumi GEO"]
[Date "2018.03.26"]
[Round "9.44"]
[White "Gajewski, Grzegorz"]
[Black "Hakobyan, Aram"]
[Result "1/2-1/2"]
[WhiteElo "2588"]
[BlackElo "2497"]
[EventDate "2018.03.17"]
[PlyCount "79"]

1.d4 e6 2.Nf3 c5 3.e3 Nf6 4.Bd3 b6 5.O-O Bb7 6.Nbd2 Be7 7.dxc5 bxc5 8.e4 
d6 9.e5 dxe5 10.Nxe5 O-O 11.Ndc4 Qd5 12.f3 Nbd7 13.Nxd7 Qxd7 14.b3 Nd5 15.
Bb2 Rfd8 16.f4 Bf6 17.Be5 Qe7 18.a3 g6 19.Qf3 Rac8 20.Rae1 Bh4 21.f5 exf5 
22.Bxf5 gxf5 23.Qxf5 Bxe1 24.Qg4+ Kf8 25.Rxe1 Nf6 26.Qh4 Ne4 27.Qh6+ Ke8 
28.h4 Qe6 29.Qf4 Kf8 30.h5 h6 31.Bb2 Rd5 32.Ne5 Rxe5 33.Bxe5 Re8 34.Bb2 
Qc6 35.Rd1 Ng5 36.Qg3 Re2 37.Qb8+ Re8 38.Qg3 Re2 39.Qb8+ Re8 40.Qg3 
1/2-1/2

[Event "19th EUR-ch"]
[Site "Batumi GEO"]
[Date "2018.03.26"]
[Round "9.45"]
[White "Beliavsky, Alexander"]
[Black "Sutovsky, Emil"]
[Result "1/2-1/2"]
[WhiteElo "2537"]
[BlackElo "2659"]
[EventDate "2018.03.17"]
[PlyCount "70"]

1.d4 Nf6 2.c4 g6 3.f3 Bg7 4.e4 d6 5.Nc3 O-O 6.Be3 a6 7.Qd2 Nc6 8.Nge2 Na5 
9.Nc1 Nd7 10.Nb3 c5 11.dxc5 Nxb3 12.axb3 Nxc5 13.Ra3 Be6 14.b4 Nd7 15.Be2 
a5 16.Nd5 Bxd5 17.cxd5 axb4 18.Qxb4 Qc7 19.Kf2 Rac8 20.Rd1 Qc2 21.Rd2 Qc1 
22.Rd1 Qxb2 23.Qxb2 Bxb2 24.Rb3 Bf6 25.Rxb7 Nc5 26.Ra7 Ra8 27.Rxa8 Rxa8 
28.g3 g5 29.e5 Bxe5 30.Bxg5 Kf8 31.Bb5 Ra2+ 32.Rd2 Ra1 33.Kg2 Rb1 34.Bc6 
f6 35.Be3 Rb3 1/2-1/2

[Event "19th EUR-ch"]
[Site "Batumi GEO"]
[Date "2018.03.26"]
[Round "9.46"]
[White "Steinberg, Nitzan"]
[Black "Kovalev, Vladislav"]
[Result "1-0"]
[WhiteElo "2518"]
[BlackElo "2650"]
[EventDate "2018.03.17"]
[PlyCount "89"]

1.e4 e5 2.Nf3 Nc6 3.Bb5 a6 4.Ba4 Nf6 5.O-O Be7 6.Re1 b5 7.Bb3 O-O 8.h3 Bb7
9.c3 d5 10.d4 dxe4 11.Nxe5 Nxe5 12.dxe5 Nd7 13.Bf4 Nc5 14.Bc2 Nd3 15.Bxd3 
exd3 16.Nd2 Qd5 17.Qg4 Rfe8 18.Ne4 Kh8 19.Rad1 Rad8 20.b3 Bc8 21.Qh5 Qe6 
22.Re3 Qf5 23.Qxf5 Bxf5 24.g4 Bg6 25.f3 d2 26.Kf1 Rd7 27.Re2 Rd3 28.Re3 
Rd7 29.Rxd2 Rxd2 30.Nxd2 Rd8 31.e6 f5 32.Ke2 c6 33.b4 fxg4 34.hxg4 c5 35.
a3 cxb4 36.axb4 Rf8 37.Be5 h5 38.gxh5 Bxh5 39.Ne4 Re8 40.Bd6 Bd8 41.Nc5 a5
42.Re5 Bg6 43.e7 Bb6 44.Nd7 Bg1 45.Rg5 1-0

[Event "19th EUR-ch"]
[Site "Batumi GEO"]
[Date "2018.03.26"]
[Round "9.47"]
[White "Matinian, Nikita"]
[Black "Krasenkow, Michal"]
[Result "1/2-1/2"]
[WhiteElo "2514"]
[BlackElo "2644"]
[EventDate "2018.03.17"]
[PlyCount "117"]

1.e4 c5 2.Nf3 Nc6 3.Bb5 e6 4.O-O Nge7 5.d4 cxd4 6.Nxd4 Qb6 7.Nxc6 bxc6 8.
Bd3 Ng6 9.c4 Bc5 10.Nc3 Qc7 11.Rb1 Rb8 12.a3 a5 13.Na4 Bd4 14.b4 axb4 15.
axb4 O-O 16.Kh1 e5 17.Be3 Bxe3 18.fxe3 d6 19.c5 Be6 20.Qc2 Rfd8 21.cxd6 
Rxd6 22.b5 Qd8 23.bxc6 Rc8 24.Bb5 Ne7 25.Nc5 Nxc6 26.Nb7 Na5 27.Nxd8 Rxc2 
28.Nxf7 Bxf7 29.Bc4 h6 30.Bxf7+ Kh7 31.h4 Nc4 32.h5 Nxe3 33.Rfe1 Ng4 34.
Rb8 g5 35.Rb7 Kh8 36.Rb8+ Kg7 37.Rb7 Kh8 38.Rb8+ Kg7 39.Bb3 Rc7 40.Rg8+ 
Kh7 41.Re8 Rdc6 42.Kg1 Rc1 43.Rf1 Nf6 44.Rxe5 Rxf1+ 45.Kxf1 Nxh5 46.Kf2 
Nf4 47.Rb5 Rc3 48.e5 g4 49.g3 Rf3+ 50.Ke1 Rxg3 51.e6 Re3+ 52.Kf2 Rf3+ 53.
Kg1 Nh3+ 54.Kg2 Re3 55.e7 Kg7 56.Bd1 Nf4+ 57.Kf2 Rxe7 58.Bxg4 Kg6 59.Kg3 
1/2-1/2

[Event "19th EUR-ch"]
[Site "Batumi GEO"]
[Date "2018.03.26"]
[Round "9.48"]
[White "Kantans, Toms"]
[Black "Movsesian, Sergei"]
[Result "0-1"]
[WhiteElo "2508"]
[BlackElo "2632"]
[EventDate "2018.03.17"]
[PlyCount "80"]

1.e4 c5 2.Nf3 e6 3.d4 cxd4 4.Nxd4 Nc6 5.Nc3 a6 6.Nxc6 bxc6 7.Bd3 d5 8.O-O 
Nf6 9.Re1 Be7 10.e5 Nd7 11.Qg4 Kf8 12.Na4 Qa5 13.c3 h5 14.Qd1 Qc7 15.f4 c5
16.c4 d4 17.b3 Bb7 18.Bd2 g6 19.Nb2 Kg7 20.Qe2 a5 21.Bc2 Bc6 22.Nd3 a4 23.
b4 cxb4 24.Bxb4 Bxb4 25.Nxb4 Bb7 26.Qf2 Rhd8 27.Rad1 Nb6 28.Qh4 d3 29.Qf6+
Kg8 30.Nxd3 Qxc4 31.Bb1 Nd5 32.Qg5 Nc3 33.f5 Qd4+ 34.Kh1 Nxd1 35.fxg6 Qg4 
36.gxf7+ Kf8 37.Qxg4 hxg4 38.Rxd1 Be4 39.Kg1 Rab8 40.Kf2 Bxd3 0-1

[Event "19th EUR-ch"]
[Site "Batumi GEO"]
[Date "2018.03.26"]
[Round "9.49"]
[White "Maghalashvili, Davit"]
[Black "Zhigalko, Sergei"]
[Result "1/2-1/2"]
[WhiteElo "2508"]
[BlackElo "2625"]
[EventDate "2018.03.17"]
[PlyCount "40"]

1.Nf3 d5 2.g3 c6 3.Bg2 Bg4 4.O-O e6 5.h3 Bh5 6.d4 Nf6 7.c4 Be7 8.Nc3 O-O 
9.Qb3 Qb6 10.Ne5 Rd8 11.Qxb6 axb6 12.cxd5 Nxd5 13.Nxd5 exd5 14.g4 Bg6 15.
Nxg6 hxg6 16.Bf4 b5 17.Bxb8 Rdxb8 18.a3 Ra4 19.e3 Rba8 20.Bf3 g5 1/2-1/2

[Event "19th EUR-ch"]
[Site "Batumi GEO"]
[Date "2018.03.26"]
[Round "9.50"]
[White "Indjic, Aleksandar"]
[Black "Shengelia, David"]
[Result "1-0"]
[WhiteElo "2623"]
[BlackElo "2508"]
[EventDate "2018.03.17"]
[PlyCount "59"]

1.d4 d5 2.c4 e6 3.Nc3 Nf6 4.Nf3 c5 5.cxd5 Nxd5 6.e4 Nxc3 7.bxc3 cxd4 8.
cxd4 Bb4+ 9.Bd2 Bxd2+ 10.Qxd2 O-O 11.Bc4 Nd7 12.O-O b6 13.Rfe1 Bb7 14.Rad1
Rc8 15.Bb3 Qf6 16.Qe3 Rfd8 17.h4 h6 18.g4 Qg6 19.g5 hxg5 20.hxg5 Qh5 21.
Qf4 Rc3 22.Kg2 Nf8 23.Ne5 f6 24.gxf6 gxf6 25.Qxf6 Rc7 26.Rd3 Rg7+ 27.Rg3 
Rxg3+ 28.Kxg3 Rxd4 29.f3 Rd2 30.Rh1 1-0

[Event "19th EUR-ch"]
[Site "Batumi GEO"]
[Date "2018.03.26"]
[Round "9.53"]
[White "Ponkratov, Pavel"]
[Black "Mikaelyan, Arman"]
[Result "0-1"]
[WhiteElo "2613"]
[BlackElo "2486"]
[EventDate "2018.03.17"]
[PlyCount "90"]

1.e4 e5 2.Nf3 Nc6 3.d4 exd4 4.Nxd4 Bc5 5.Nxc6 Qf6 6.Qf3 bxc6 7.Nd2 d6 8.
Nb3 Bb6 9.a4 a5 10.Bd2 Qxf3 11.gxf3 Ne7 12.Be3 Bxe3 13.fxe3 f5 14.Rg1 g6 
15.Bc4 Bd7 16.exf5 Nxf5 17.e4 Nh4 18.Ke2 Rf8 19.Raf1 c5 20.Nd2 Ke7 21.b3 
Rf4 22.Ke3 Raf8 23.Be2 Be6 24.c3 h6 25.Rb1 d5 26.exd5 Bxd5 27.Rg4 g5 28.
Rxf4 Rxf4 29.Kf2 Kf6 30.Re1 g4 31.Kg3 gxf3 32.Bc4 Bxc4 33.Nxc4 f2 34.Rf1 
Kg5 35.Rxf2 Rg4+ 36.Kh3 Ng6 37.Rf5+ Kxf5 38.Ne3+ Ke4 39.Nxg4 Kd3 40.Nxh6 
Kxc3 41.Nf5 Kxb3 42.Kg4 Kxa4 43.Kg5 Kb3 44.Ng3 a4 45.Ne4 a3 0-1

[Event "19th EUR-ch"]
[Site "Batumi GEO"]
[Date "2018.03.26"]
[Round "9.54"]
[White "Nguyen, Thai Dai Van"]
[Black "Bosiocic, Marin"]
[Result "1-0"]
[WhiteElo "2517"]
[BlackElo "2611"]
[EventDate "2018.03.17"]
[PlyCount "66"]

1.e4 e5 2.Nf3 Nc6 3.Bb5 Nf6 4.O-O Nxe4 5.Re1 Nd6 6.Nxe5 Be7 7.Bf1 Nf5 8.
Nf3 O-O 9.d4 d5 10.c3 Bd6 11.Bd3 f6 12.Nbd2 Nce7 13.Nf1 g6 14.h3 c6 15.Qc2
Rf7 16.Bd2 Bd7 17.Re2 Qc7 18.Rae1 Raf8 19.b3 Qd8 20.c4 Kh8 21.Bc3 Rg7 22.
Qd2 g5 23.Bb4 Bxb4 24.Qxb4 Ng6 25.Bxf5 Bxf5 26.Ng3 Bc8 27.cxd5 cxd5 28.Qa4
Bd7 29.Qxa7 Nf4 30.Re3 Bxh3 31.gxh3 Qc8 32.Qc5 Nxh3+ 33.Kf1 Qd7 1-0

[Event "19th EUR-ch"]
[Site "Batumi GEO"]
[Date "2018.03.26"]
[Round "9.55"]
[White "Martinovic, Sasa"]
[Black "Minasian, Artashes"]
[Result "1/2-1/2"]
[WhiteElo "2604"]
[BlackElo "2467"]
[EventDate "2018.03.17"]
[PlyCount "27"]

1.d4 d6 2.Nf3 g6 3.c4 Bg7 4.Nc3 e5 5.e4 Bg4 6.dxe5 dxe5 7.Qxd8+ Kxd8 8.
Bg5+ f6 9.O-O-O+ Nd7 10.Be3 c6 11.Be2 Ke7 12.h3 Bxf3 13.gxf3 Bh6 14.h4 
1/2-1/2

[Event "19th EUR-ch"]
[Site "Batumi GEO"]
[Date "2018.03.26"]
[Round "9.56"]
[White "Godena, Michele"]
[Black "Can, Emre"]
[Result "1/2-1/2"]
[WhiteElo "2505"]
[BlackElo "2603"]
[EventDate "2018.03.17"]
[PlyCount "37"]

1.e4 c5 2.c3 Nf6 3.e5 Nd5 4.Nf3 d6 5.d4 cxd4 6.cxd4 Nc6 7.Bc4 Nb6 8.Bb5 
dxe5 9.Nxe5 Bd7 10.Nxd7 Qxd7 11.Nc3 e6 12.O-O Rd8 13.Be3 Be7 14.Qg4 O-O 
15.Rad1 g6 16.d5 Nxd5 17.Bxa7 Qc7 18.Nxd5 exd5 19.Be3 1/2-1/2

[Event "19th EUR-ch"]
[Site "Batumi GEO"]
[Date "2018.03.26"]
[Round "9.57"]
[White "Flom, Gabriel"]
[Black "Kobalia, Mikhail"]
[Result "0-1"]
[WhiteElo "2493"]
[BlackElo "2599"]
[EventDate "2018.03.17"]
[PlyCount "122"]

1.e4 c5 2.c3 d6 3.d4 Nf6 4.Bd3 Qc7 5.Nf3 g6 6.h3 Bg7 7.O-O O-O 8.Bg5 Nbd7 
9.Nbd2 b6 10.Re1 h6 11.Be3 e6 12.a4 a6 13.Bf4 e5 14.Be3 exd4 15.cxd4 Bb7 
16.d5 Rfe8 17.Qc2 Nh5 18.g4 Nhf6 19.Bf4 Re7 20.Bg3 Ne8 21.Ra3 Ne5 22.Nxe5 
Bxe5 23.Bxe5 dxe5 24.Rc3 Qd8 25.Rb1 a5 26.Bb5 Nd6 27.Nc4 Nxc4 28.Bxc4 Rd7 
29.Qd2 Kg7 30.Rg3 Rd6 31.f4 exf4 32.Qxf4 Qf6 33.Qxf6+ Rxf6 34.Rf1 Rxf1+ 
35.Kxf1 Re8 36.Re3 Re5 37.d6 Bc6 38.Rf3 f6 39.Rd3 Re8 40.Bb5 Bxb5 41.axb5 
Kf7 42.d7 Rd8 43.Rd6 Ke7 44.e5 fxe5 45.Rxg6 Rxd7 46.Rxh6 Rd2 47.Rxb6 Rxb2 
48.g5 c4 49.Rb7+ Kd6 50.b6 c3 51.Rc7 c2 52.Ke1 a4 53.Kd2 a3 54.Rxc2 a2 55.
Rxb2 a1=Q 56.Kc2 Qa4+ 57.Kb1 Qe4+ 58.Ka2 Qb7 59.h4 e4 60.g6 e3 61.Kb1 Qe4+
0-1

[Event "19th EUR-ch"]
[Site "Batumi GEO"]
[Date "2018.03.26"]
[Round "9.58"]
[White "Neverov, Valeriy"]
[Black "Hracek, Zbynek"]
[Result "1/2-1/2"]
[WhiteElo "2480"]
[BlackElo "2589"]
[EventDate "2018.03.17"]
[PlyCount "77"]

1.d4 Nf6 2.c4 e6 3.Nf3 d5 4.Bg5 Bb4+ 5.Nbd2 dxc4 6.a3 Bxd2+ 7.Qxd2 Qd5 8.
Bxf6 gxf6 9.g3 Nc6 10.Bg2 Qa5 11.Rc1 Qxd2+ 12.Nxd2 Nxd4 13.Rxc4 Nb5 14.O-O
c6 15.Rxc6 Ke7 16.Rc5 Rd8 17.Nb3 Nd6 18.Rh5 Rh8 19.Nc5 Rb8 20.Rc1 f5 21.
Rh4 b6 22.Nd3 Bd7 23.Rc7 Nb5 24.Rxd7+ Kxd7 25.Ne5+ Ke7 26.Nc6+ Kf6 27.Nxb8
Rxb8 28.Rxh7 Rd8 29.Rh6+ Kg7 30.Rh4 Rd1+ 31.Bf1 Nd4 32.Kg2 Rd2 33.b4 Nxe2 
34.Bxe2 Rxe2 35.a4 Ra2 36.b5 e5 37.Rc4 e4 38.Kf1 Kg6 39.h3 1/2-1/2